000 01180nam a22001937a 4500
003 BD-DhUL
005 20190514102739.0
008 171213s2018 bg ||||| |||| 00| 0 ara d
040 _aBD-DhUL
_cBD-DhUL
082 _223
_a892.7
_bFAJ
100 3 _aفخر الاسلام۔
245 0 _aالجانب الاسلامي والوطني في ادب علي احمد باکثیر : دراسة تحلیلیة = Al-Janibul Islami wal watani fee Adabi Ali Ahmad Ba-kathir : Dirasah Tahliliyah = আল জানিবুল ইসলামী ওয়াল ওয়াত্বানী ফি আদাবি আলী আহমাদ বাকসির : দিরাসা তাহলিলিয়্যাহ = Islamic and nationalistic aspect in the literature of Ali Ahmad Ba-Kathir : an analytic study /
_cفخر الاسلام۔
_h[MPhil. Thesis]
260 _aداکا :
_bجامعة داکا،
_c۲۰۱۸۔
300 _a[11], 130 p. :
_bill. ;
_c30 cm.
502 _aالبحث (الماجستیر فی الفلسفة) - - قسم العربیة، جامعة داکا، ۲۰۱۸۔
650 4 _aArabic literature.
650 4 _aBa-Kathir, Ali Ahmad.
942 _2ddc
_cBK
999 _c248114
_d248114